Research Column/ (Record no. 204334)

MARC details
000 -LEADER
fixed length control field 00543nam a22001817a 4500
005 - DATE AND TIME OF LATEST TRANSACTION
control field 20240724111654.0
010 ## - LCCN (DPL NO)
LC control number ENG-140943
020 ## - INTERNATIONAL STANDARD BOOK NUMBER
Terms of availability 900.00
International Standard Book Number 9788194134961
035 ## - SYSTEM CONTROL NUMBER
System control number EN-124475
037 ## - SOURCE OF ACQUISITION
Source of stock number/acquisition DBAD
082 ## - DEWEY DECIMAL CLASSIFICATION NUMBER
Classification number 001.4
100 ## - MAIN ENTRY--PERSONAL NAME
Personal name Misra, Rajeev
245 ## - TITLE STATEMENT
Title Research Column/
Statement of responsibility, etc Rajeev Misra
260 ## - PUBLICATION, DISTRIBUTION, ETC. (IMPRINT)
Place of publication, distribution, etc Uttar Pradesh
Name of publisher, distributor, etc Social Research Foundation
Date of publication, distribution, etc 2020
270 ## - ADDRESS
City Uttar Pradesh
Address 128/170,H-Block, Kidwai Nagar,Kanpur(U.P)
Telephone number 93353332333
300 ## - PHYSICAL DESCRIPTION
Extent 298p.
Dimensions 22cm(hp)
942 ## - ADDED ENTRY ELEMENTS (KOHA)
Source of classification or shelving scheme Dewey Decimal Classification
Item type English Books
Classification part 001.4
Call number suffix sra
Holdings
Withdrawn status Lost status Not for loan Collection code Home library Current library Date acquired Source of acquisition Cost, normal purchase price Full call number Barcode Copy number Cost, replacement price Koha item type
      Non-fiction Patel Nagar Patel Nagar 24/07/2024 DBAD 900.00 001.4 MIS EN-124475 1 900.00 English Books

© Delhi Public Library
Hit Counter
free hit counter